000 00210 a2200109 4500
020 _a9780399251573
041 _aspa
100 _aSusan Middleton Elya
245 _aLa Madre Goose
942 _cBK
952 _71
999 _c24916
_d24916